<?xml version="1.0" encoding="UTF-8"?><?xml-stylesheet type="text/xsl" href="static/style.xsl"?><OAI-PMH xmlns="http://www.openarchives.org/OAI/2.0/" xmlns:xsi="http://www.w3.org/2001/XMLSchema-instance" xsi:schemaLocation="http://www.openarchives.org/OAI/2.0/ http://www.openarchives.org/OAI/2.0/OAI-PMH.xsd"><responseDate>2026-06-02T04:49:59Z</responseDate><request verb="GetRecord" identifier="oai:riuma.uma.es:10630/28279" metadataPrefix="marc">https://riuma.uma.es/rest/oai/request</request><GetRecord><record><header><identifier>oai:riuma.uma.es:10630/28279</identifier><datestamp>2026-02-03T11:32:08Z</datestamp><setSpec>com_10630_2254</setSpec><setSpec>col_10630_37953</setSpec></header><metadata><record xmlns="http://www.loc.gov/MARC21/slim" xmlns:dcterms="http://purl.org/dc/terms/" xmlns:doc="http://www.lyncode.com/xoai" xmlns:xsi="http://www.w3.org/2001/XMLSchema-instance" xsi:schemaLocation="http://www.loc.gov/MARC21/slim http://www.loc.gov/standards/marcxml/schema/MARC21slim.xsd">
   <leader>00925njm 22002777a 4500</leader>
   <datafield ind2=" " ind1=" " tag="042">
      <subfield code="a">dc</subfield>
   </datafield>
   <datafield ind2=" " ind1=" " tag="720">
      <subfield code="a">Castillo-Orihuela, Concepción</subfield>
      <subfield code="e">author</subfield>
   </datafield>
   <datafield ind2=" " ind1=" " tag="260">
      <subfield code="c">2017</subfield>
   </datafield>
   <datafield ind2=" " ind1=" " tag="520">
      <subfield code="a">In this paper I explore an approach to linearization where this is part of core or&#xd;
narrow syntax. Based upon Kayne´s (2011/2013) algorithm that processing follows&#xd;
the order of production, that is from left-to-right, and upon the timing condition that&#xd;
there be as little delay as possible between external Merge and eventual Spell-Out, I&#xd;
conclude that the constituent that appears linearized to the left-most extreme for any&#xd;
given sequence is the constituent that has actually completed the valuation of all&#xd;
corresponding features (Probe-Goal framework) before any other constituent. The&#xd;
evidence that I provide for such an approach relates to the accusative Case feature&#xd;
that O fails to value in (OSV) object-topicalization structures in English, and the&#xd;
accusative Case feature that O similarly fails to value in certain subordinate whstructures (OVS) in Spanish. I defend the theory that Merge applies bottom-up, as in&#xd;
standard minimalist accounts, though I point out that it is perhaps necessary to rethink&#xd;
the concept of (successive) cyclic movement.</subfield>
   </datafield>
   <datafield ind1="8" ind2=" " tag="024">
      <subfield code="a">1336-782X</subfield>
   </datafield>
   <datafield ind1="8" ind2=" " tag="024">
      <subfield code="a">https://hdl.handle.net/10630/28279</subfield>
   </datafield>
   <datafield tag="653" ind2=" " ind1=" ">
      <subfield code="a">Flexión (Gramática)</subfield>
   </datafield>
   <datafield tag="653" ind2=" " ind1=" ">
      <subfield code="a">Inglés - Declinación</subfield>
   </datafield>
   <datafield ind2="0" ind1="0" tag="245">
      <subfield code="a">On linearization as part of narrow syntax. The case of OSV/OVS structures.</subfield>
   </datafield>
</record>
</metadata></record></GetRecord></OAI-PMH>